Lectures in modern analysis and applications

Gorde:
Xehetasun bibliografikoak
Egile Nagusiak: Dudley, R. M (Egilea), Feldman, J (Egilea), Kostant, B (Egilea), Langlands, R. P (Egilea), Stein, E. M (Egilea)
Formatua: Liburua
Hizkuntza:ingelesa
Argitaratua: Berlín Springer-Verlag 1970
Saila:Lecture Notes in Mathematics, 170
Gaiak:
Etiketak: Etiketa erantsi
Etiketarik gabe, Izan zaitez lehena erregistro honi etiketa jartzen!

MARC

LEADER 00000nam a2200000 a 4500
001 UCP1817
003 CL-VaPUC
008 990426e19700000GW |||||||||||||||||eng|d
082 0 4 |a 515.785  |b DUD  |2 21 
100 0 |a Dudley, R. M  |e author  |9 428115 
700 0 |a Feldman, J  |e author  |9 428116 
700 0 |a Kostant, B  |e author  |9 428117 
700 0 |a Langlands, R. P  |e author  |9 428118 
700 0 |a Stein, E. M  |e author  |9 428119 
245 1 0 |a Lectures in modern analysis and applications 
300 |a 3 v 
942 |c BK 
945 |d 19990426 00:00:00  |a crobeson 
260 |a Berlín  |b Springer-Verlag  |c 1970 
650 0 |a Análisis armónico  |9 269929 
650 0 |a Análisis complejo   |9 260214 
650 0 |a Álgebras de Banach  |9 271249 
650 0 |a Espacios topológicos   |9 360015 
650 0 |a Análisis numérico   |9 259387 
650 0 |a Física matemática   |9 260981 
583 |a last modification  |c 19990426 00:00:00  |k Rodrigo Vera 
490 0 |a Lecture Notes in Mathematics, 170 
999 |c 280451  |d 280449 
952 |0 0  |1 0  |4 0  |6 515_785000000000000_DUD_1970  |7 0  |8 A  |9 320755  |a BIBMAT  |b BIBMAT  |d 2019-11-20  |h v.3  |i 1344188  |o 515.785 DUD 1970  |p 1344188  |r 2025-01-07  |w 2019-11-20  |y BK  |k MAT